[Event "10.OIBM"]
[Site "Bad Wiessee"]
[Date "2006.11.04"]
[Round "1.3"]
[White "Endisch, Peter"]
[Black "Malakhatko, Vadim"]
[Result "0-1"]
[WhiteElo "2057"]
[BlackElo "2617"]
[PlyCount "52"]
[EventDate "2006.??.??"]

1. e4 c5 2. Nf3 e6 3. c3 Nf6 4. Bd3 d5 5. exd5 Qxd5 6. Qe2 Be7 7. Bc4 Qd6 8. d4
O-O 9. dxc5 Qxc5 10. Be3 Qc7 11. O-O a6 12. Bg5 b5 13. Bb3 Nbd7 14. a3 Bb7 15.
Nbd2 Nc5 16. Bc2 Na4 17. Bxf6 Bxf6 18. Ne4 Be7 19. Qd3 Rfd8 20. Nd4 Nxb2 21.
Qh3 Rxd4 22. Nf6+ Bxf6 23. Bxh7+ Kf8 24. cxd4 g6 25. Bxg6 fxg6 26. Qxe6 Kg7 0-1

[Event "10.OIBM"]
[Site "Bad Wiessee"]
[Date "2006.11.04"]
[Round "1.5"]
[White "Brychcy, Felix"]
[Black "Eingorn, Vereslav S"]
[Result "0-1"]
[WhiteElo "2056"]
[BlackElo "2591"]
[PlyCount "47"]
[EventDate "2006.??.??"]

1. d4 Nf6 2. c4 e6 3. Nc3 Bb4 4. e3 c5 5. Bd3 Nc6 6. Nge2 cxd4 7. exd4 d5 8.
O-O dxc4 9. Bxc4 O-O 10. Bf4 Bd6 11. Qd2 Bxf4 12. Qxf4 Qb6 13. Rfd1 Qxb2 14. a3
Qb6 15. Rab1 Qa5 16. Rb5 Qxa3 17. Rg5 h6 18. Rxg7+ Kxg7 19. Rd3 Qa1+ 20. Nc1 e5
21. Rg3+ Bg4 22. dxe5 Nxe5 23. Qxe5 Qxc1+ 24. Bf1 0-1

[Event "10.OIBM"]
[Site "Bad Wiessee"]
[Date "2006.11.04"]
[Round "1.8"]
[White "Sokolov, Andrei"]
[Black "Guggenberger, Guido"]
[Result "1-0"]
[WhiteElo "2572"]
[BlackElo "2054"]
[PlyCount "49"]
[EventDate "2006.??.??"]

1. e4 e6 2. d4 d5 3. Nd2 Nf6 4. e5 Nfd7 5. Bd3 c5 6. c3 Nc6 7. Ne2 cxd4 8. cxd4
a5 9. O-O Nb4 10. Bb1 Be7 11. f4 g6 12. Nf3 Nb6 13. Nc3 Bd7 14. a3 Na6 15. b3
a4 16. Bd3 Rc8 17. Bd2 axb3 18. Qxb3 Bc6 19. Nb5 Nc4 20. Na7 Nxd2 21. Nxd2 Ra8
22. Nxc6 bxc6 23. Qb7 Nc7 24. Qxc6+ Qd7 25. Bb5 1-0

[Event "10.OIBM"]
[Site "Bad Wiessee"]
[Date "2006.11.04"]
[Round "1.9"]
[White "Johann, Gregor"]
[Black "Halkias, Stelios"]
[Result "0-1"]
[WhiteElo "2054"]
[BlackElo "2571"]
[PlyCount "96"]
[EventDate "2006.??.??"]

1. e4 c5 2. Nc3 Nc6 3. g3 g6 4. Bg2 Bg7 5. f4 d6 6. Nf3 e6 7. d3 Nge7 8. O-O
O-O 9. Be3 b6 10. Rb1 Ba6 11. Re1 Rc8 12. a3 Nd4 13. Ne2 e5 14. c3 Nxf3+ 15.
Bxf3 Bb7 16. Bg2 d5 17. fxe5 dxe4 18. dxe4 Bxe5 19. Bh6 Bg7 20. Bxg7 Kxg7 21.
Nf4 Qc7 22. Qc2 Qe5 23. Rbd1 Rcd8 24. Nd3 Qg5 25. Nf4 Bc8 26. Rxd8 Rxd8 27. Rd1
Nc6 28. Rxd8 Qxd8 29. Qd3 Qxd3 30. Nxd3 Kf6 31. Kf2 g5 32. Ke3 Ba6 33. Bf1 Na5
34. Be2 Bxd3 35. Bxd3 Ke5 36. Be2 Nb7 37. g4 Nd6 38. Bd3 c4 39. Bc2 f6 40. Kf3
b5 41. Ke3 a5 42. Bb1 Nb7 43. Bc2 Nc5 44. h3 a4 45. Bb1 Ne6 46. Bc2 Nf4 47. Bd1
Nxh3 48. Bf3 Nf4 0-1

[Event "10.OIBM"]
[Site "Bad Wiessee"]
[Date "2006.11.04"]
[Round "1.10"]
[White "Landa, Konstantin"]
[Black "Vogiatzis, Dimitrios"]
[Result "1-0"]
[WhiteElo "2570"]
[BlackElo "2054"]
[PlyCount "39"]
[EventDate "2006.??.??"]

1. e4 e5 2. Nf3 d5 3. exd5 Bd6 4. d4 e4 5. Ne5 Ne7 6. Nc3 Bb4 7. Bb5+ c6 8.
dxc6 bxc6 9. Bc4 O-O 10. O-O Bf5 11. Bg5 Qd6 12. Bxe7 Qxe7 13. f3 e3 14. Re1
Qg5 15. Qe2 c5 16. a3 cxd4 17. axb4 Be6 18. Bxe6 fxe6 19. Nc4 dxc3 20. bxc3 1-0

[Event "10.OIBM"]
[Site "Bad Wiessee"]
[Date "2006.11.04"]
[Round "1.11"]
[White "Woerl, Richard"]
[Black "Prusikin, Michael"]
[Result "0-1"]
[WhiteElo "2051"]
[BlackElo "2560"]
[PlyCount "80"]
[EventDate "2006.??.??"]

1. e4 c5 2. Be2 Nc6 3. c3 Nf6 4. d3 d5 5. Nd2 g6 6. f4 dxe4 7. dxe4 Bh6 8. e5
Nd5 9. g3 f6 10. exf6 e5 11. Ne4 exf4 12. Bxf4 Nxf4 13. Qxd8+ Kxd8 14. gxf4
Bxf4 15. Nxc5 Kc7 16. Bc4 Be3 17. Nd3 Bf5 18. Rd1 Be4 19. Ke2 Bxh1 20. Kxe3
Rae8+ 21. Kf2 Rhf8 22. f7 Rd8 23. Re1 Bd5 24. Bxd5 Rxd5 25. Re3 Rxf7+ 26. Ke2
Re7 27. Nf3 Rxe3+ 28. Kxe3 Rf5 29. h4 Ne7 30. Ke4 Ra5 31. a3 Nf5 32. Nde5 Ra4+
33. c4 Kd6 34. Kf4 b5 35. h5 bxc4 36. hxg6 hxg6 37. Kg5 Ne3 38. Kxg6 Nd1 39.
Nf7+ Kd5 40. Kf5 Nxb2 0-1

[Event "10.OIBM"]
[Site "Bad Wiessee"]
[Date "2006.11.04"]
[Round "1.12"]
[White "Burmakin, Vladimir"]
[Black "Bolte, Christoph"]
[Result "1-0"]
[WhiteElo "2559"]
[BlackElo "2047"]
[PlyCount "49"]
[EventDate "2006.??.??"]

1. d4 e6 2. g3 f5 3. Bg2 Nf6 4. c4 d5 5. Nh3 c6 6. b3 Bd6 7. O-O O-O 8. Nd2
Nbd7 9. Nf3 Ne4 10. Nf4 Qe7 11. Nd3 Ndf6 12. Nfe5 Nh5 13. f3 Nhxg3 14. hxg3
Nxg3 15. Re1 Qh4 16. Bf4 g5 17. Bxg3 Qxg3 18. e3 h5 19. Re2 Kg7 20. Qe1 Qxe1+
21. Raxe1 Re8 22. Bf1 Re7 23. Rh2 Kh6 24. Ree2 Bd7 25. Rxh5+ 1-0

[Event "10.OIBM"]
[Site "Bad Wiessee"]
[Date "2006.11.04"]
[Round "1.14"]
[White "Al Modiahki, Mohd"]
[Black "Janasik, Gerhard"]
[Result "1-0"]
[WhiteElo "2550"]
[BlackElo "2046"]
[PlyCount "41"]
[EventDate "2006.??.??"]

1. e4 e5 2. Nf3 d6 3. d4 Nf6 4. Nc3 Nbd7 5. Bc4 Be7 6. O-O O-O 7. Re1 c6 8. a4
Qc7 9. h3 b6 10. Bg5 a6 11. Qe2 Bb7 12. dxe5 Nxe5 13. Nd4 Nxc4 14. Qxc4 b5 15.
axb5 axb5 16. Ncxb5 Rxa1 17. Rxa1 Qb6 18. Nc3 d5 19. exd5 cxd5 20. Qd3 Bc5 21.
Na4 1-0

[Event "10.OIBM"]
[Site "Bad Wiessee"]
[Date "2006.11.04"]
[Round "1.15"]
[White "Jenusch, Robert"]
[Black "Georgiev, Vladimir"]
[Result "0-1"]
[WhiteElo "2044"]
[BlackElo "2532"]
[PlyCount "102"]
[EventDate "2006.??.??"]

1. d4 Nf6 2. Nf3 d5 3. e3 c5 4. c3 Qb6 5. Bd3 Bg4 6. Nbd2 Nc6 7. h3 Bh5 8. dxc5
Qxc5 9. Nb3 Qd6 10. Nbd4 e5 11. Nb5 Qd7 12. Be2 a6 13. Qa4 e4 14. Ng1 Rc8 15.
Nd4 Bxe2 16. Ngxe2 Bd6 17. Nxc6 Rxc6 18. Nd4 b5 19. Qa5 Bc7 20. Qa3 Rd6 21. Qb3
O-O 22. a4 Rb8 23. axb5 axb5 24. Bd2 Rdb6 25. Ra7 Ne8 26. Qa2 h5 27. Ra8 h4 28.
Rxb8 Bxb8 29. Qa5 Rg6 30. Qxb5 Qxb5 31. Nxb5 Rb6 32. Nd4 Rxb2 33. Ke2 Be5 34.
Rc1 Bxd4 35. cxd4 Nd6 36. Kd1 Nc4 37. Rc2 Rb5 38. Ra2 g5 39. Rc2 Rb1+ 40. Rc1
Rb3 41. Rc3 Rb6 42. Rc2 Kg7 43. f3 exf3 44. gxf3 Rb1+ 45. Rc1 Rb3 46. Ke2 Rb2
47. Rd1 f5 48. Kd3 Rxd2+ 49. Rxd2 Nxd2 50. Kxd2 g4 51. Ke2 g3 0-1

[Event "10.OIBM"]
[Site "Bad Wiessee"]
[Date "2006.11.04"]
[Round "1.18"]
[White "Kosic, Dragan"]
[Black "Chapman, Alan"]
[Result "1-0"]
[WhiteElo "2518"]
[BlackElo "2040"]
[PlyCount "109"]
[EventDate "2006.??.??"]

1. d4 e6 2. Nf3 Nf6 3. e3 b6 4. Bd3 Bb7 5. O-O Be7 6. c4 O-O 7. Nc3 d5 8. b3
Nbd7 9. Bb2 c5 10. cxd5 exd5 11. Qe2 Re8 12. Ba6 Qc8 13. Bxb7 Qxb7 14. Rfd1 Ne4
15. dxc5 Nxc3 16. Bxc3 bxc5 17. Qd3 Nb6 18. Rac1 Rad8 19. Qf5 Qc8 20. Qxc8 Rxc8
21. Kf1 f6 22. Ba5 Red8 23. Rc2 Rd7 24. Ne1 Rc6 25. Rcd2 Rcd6 26. Nd3 Rc6 27.
Nf4 g5 28. Ne2 Na8 29. Rxd5 Rxd5 30. Rxd5 Ra6 31. Bd8 Rxa2 32. Nc3 Ra1+ 33. Ke2
Nb6 34. Bxe7 Nxd5 35. Nxd5 Rb1 36. Bxc5 Rxb3 37. Bxa7 Kf7 38. e4 Ke6 39. Ne3
Ke5 40. f3 Rb2+ 41. Kd3 Ra2 42. Bd4+ Ke6 43. h3 h5 44. Bc3 Kf7 45. Bd2 Ra3+ 46.
Ke2 Ke6 47. g3 Ra1 48. h4 Ra8 49. Nf5 gxh4 50. Nxh4 Kf7 51. Ke3 Rb8 52. Kf4 Rb5
53. Nf5 Rb8 54. Bc3 Rb5 55. Ne3 1-0

[Event "10.OIBM"]
[Site "Bad Wiessee"]
[Date "2006.11.04"]
[Round "1.19"]
[White "Mittelbachert, Ulrich"]
[Black "Karpatchev, Alexandr"]
[Result "0-1"]
[WhiteElo "2040"]
[BlackElo "2515"]
[PlyCount "60"]
[EventDate "2006.??.??"]

1. Nf3 Nc6 2. g3 e5 3. d3 d5 4. Nbd2 g6 5. Bg2 Bg7 6. e4 Nge7 7. exd5 Nxd5 8.
O-O O-O 9. Re1 Re8 10. a4 a5 11. Nc4 h6 12. Bd2 Kh7 13. Ne3 Be6 14. Nxd5 Bxd5
15. Bc3 Qd7 16. Nd2 Bxg2 17. Kxg2 f5 18. Qf3 b6 19. Nc4 Rad8 20. Rad1 Re6 21.
Kg1 Rde8 22. Rd2 Nd4 23. Bxd4 exd4 24. Rxe6 Rxe6 25. b3 Re1+ 26. Kg2 g5 27. Qb7
g4 28. Nxb6 Qe6 29. Qxc7 Rc1 30. Qf4 Be5 0-1

[Event "10.OIBM"]
[Site "Bad Wiessee"]
[Date "2006.11.04"]
[Round "1.20"]
[White "Pavlovic, Milos"]
[Black "Schiessl, Siegfried"]
[Result "1-0"]
[WhiteElo "2507"]
[BlackElo "2040"]
[PlyCount "39"]
[EventDate "2006.??.??"]

1. Nf3 g6 2. d4 Nf6 3. g3 d6 4. Bg2 Bg7 5. O-O O-O 6. c4 c6 7. Nc3 Nbd7 8. Qc2
Nb6 9. b3 Re8 10. e4 e5 11. Rd1 exd4 12. Nxd4 a6 13. Bf4 Nh5 14. Be3 c5 15.
Nde2 Qe7 16. Qd2 Rd8 17. Bxc5 Bg4 18. Bxb6 Bxe2 19. Bxd8 Rxd8 20. Nxe2 1-0

[Event "10.OIBM"]
[Site "Bad Wiessee"]
[Date "2006.11.04"]
[Round "1.23"]
[White "Kreusch, Frank"]
[Black "Krivoshey, Sergei"]
[Result "0-1"]
[WhiteElo "2035"]
[BlackElo "2484"]
[PlyCount "48"]
[EventDate "2006.??.??"]

1. e4 d5 2. exd5 Nf6 3. c4 c6 4. d4 cxd5 5. Nc3 g6 6. Nf3 Bg7 7. Qb3 dxc4 8.
Bxc4 O-O 9. Bf4 Nc6 10. Nb5 Na5 11. Qb4 Nxc4 12. Qxc4 Be6 13. Qd3 Rc8 14. Nc3
Bc4 15. Qd2 Nd5 16. Bh6 Nb4 17. Bxg7 Nd3+ 18. Kd1 Kxg7 19. h4 h5 20. Rg1 e5 21.
g4 exd4 22. Ne4 Qd5 23. Neg5 Rfe8 24. gxh5 Bb3+ 0-1

[Event "10.OIBM"]
[Site "Bad Wiessee"]
[Date "2006.11.04"]
[Round "1.24"]
[White "Hoffmann, Michael"]
[Black "Ebenhoech, Daniel"]
[Result "1-0"]
[WhiteElo "2477"]
[BlackElo "2034"]
[PlyCount "45"]
[EventDate "2006.??.??"]

1. e4 c5 2. Nf3 d6 3. d4 cxd4 4. Nxd4 Nf6 5. Nc3 a6 6. Bg5 e6 7. f4 Be7 8. Qf3
Qc7 9. O-O-O Nbd7 10. Bd3 b5 11. Rhe1 Bb7 12. Qg3 b4 13. Nd5 exd5 14. exd5 Kd8
15. Nc6+ Bxc6 16. dxc6 Nb6 17. Bh4 d5 18. Qxg7 Qxf4+ 19. Kb1 Qxh4 20. Qxh8+ Kc7
21. Qg7 Ne4 22. Bxe4 dxe4 23. Qe5+ 1-0

[Event "10.OIBM"]
[Site "Bad Wiessee"]
[Date "2006.11.04"]
[Round "1.27"]
[White "Hild, Detlef"]
[Black "Zysk, Robert"]
[Result "0-1"]
[WhiteElo "2030"]
[BlackElo "2468"]
[PlyCount "44"]
[EventDate "2006.??.??"]

1. e4 g6 2. Nf3 d6 3. d4 Bg7 4. Bc4 c6 5. O-O d5 6. exd5 cxd5 7. Bb5+ Bd7 8.
Nc3 Nf6 9. Bf4 O-O 10. Re1 Bxb5 11. Nxb5 Nc6 12. Ne5 Nh5 13. Bg5 f6 14. g4 fxg5
15. gxh5 Qb6 16. Qe2 Bxe5 17. dxe5 a6 18. Nc3 Nd4 19. Qe3 Nf3+ 20. Kh1 d4 21.
Nd5 dxe3 22. Nxb6 Nxe1 0-1

[Event "10.OIBM"]
[Site "Bad Wiessee"]
[Date "2006.11.04"]
[Round "1.29"]
[White "Wltschek, Christian"]
[Black "van der Weide, Karel"]
[Result "0-1"]
[WhiteElo "2027"]
[BlackElo "2463"]
[PlyCount "56"]
[EventDate "2006.??.??"]

1. e4 c5 2. Nf3 d6 3. d4 cxd4 4. Qxd4 Nf6 5. e5 Nc6 6. Bb5 Qa5+ 7. Nc3 Qxb5 8.
Nxb5 Nxd4 9. Nfxd4 dxe5 10. Nc7+ Kd7 11. Nxa8 exd4 12. Bf4 Nd5 13. Bg3 e6 14.
O-O-O Bc5 15. c4 dxc3 16. bxc3 Kc6 17. c4 Nc3 18. Rde1 Nxa2+ 19. Kb2 Nb4 20.
Rd1 e5 21. Bxe5 Bf5 22. Kc3 Rxa8 23. Bxg7 Re8 24. Bd4 Re2 25. Bxc5 Kxc5 26.
Rde1 Rc2+ 27. Kb3 Nc6 28. g4 Nd4+ 0-1

[Event "10.OIBM"]
[Site "Bad Wiessee"]
[Date "2006.11.04"]
[Round "1.31"]
[White "Schoen, Rudolf"]
[Black "Bykhovsky, Avigdor"]
[Result "0-1"]
[WhiteElo "2023"]
[BlackElo "2458"]
[PlyCount "56"]
[EventDate "2006.??.??"]

1. e4 c5 2. Nc3 e6 3. f4 a6 4. Nf3 d5 5. e5 Nc6 6. a4 Nh6 7. b3 Be7 8. Ba3 b6
9. Bd3 O-O 10. O-O Bb7 11. Ne2 f5 12. exf6 Bxf6 13. c3 g6 14. Ng3 e5 15. fxe5
Nxe5 16. Nxe5 Bxe5 17. Rxf8+ Qxf8 18. Qe2 Re8 19. Rf1 Nf7 20. Qg4 Qd6 21. Bc2
d4 22. Be4 Bc8 23. Qh4 dxc3 24. dxc3 Bxc3 25. Kh1 Kg7 26. Bc1 Bf6 27. Bb2 Bxb2
28. Rxf7+ Kxf7 0-1

[Event "10.OIBM"]
[Site "Bad Wiessee"]
[Date "2006.11.04"]
[Round "1.32"]
[White "Skembris, Spyridon"]
[Black "Vogiatzis, Joannis"]
[Result "1-0"]
[WhiteElo "2455"]
[BlackElo "2023"]
[PlyCount "49"]
[EventDate "2006.??.??"]

1. d4 d5 2. c4 e5 3. dxe5 d4 4. e4 Nc6 5. f4 f6 6. exf6 Nxf6 7. Bd3 Bg4 8. Nf3
Nb4 9. O-O Nxd3 10. Qxd3 c5 11. e5 Ng8 12. f5 Qb6 13. Qe4 Bxf3 14. Rxf3 O-O-O
15. Rb3 Qa6 16. Na3 Qc6 17. Qxc6+ bxc6 18. Bf4 h5 19. Nc2 Nh6 20. Bxh6 Rxh6 21.
Ne1 Be7 22. Nd3 Kc7 23. Rf1 Rb8 24. Rxb8 Kxb8 25. Kf2 1-0

[Event "10.OIBM"]
[Site "Bad Wiessee"]
[Date "2006.11.04"]
[Round "1.33"]
[White "Niese, Dirk"]
[Black "Ivanov, Mikhail M"]
[Result "0-1"]
[WhiteElo "2022"]
[BlackElo "2451"]
[PlyCount "84"]
[EventDate "2006.??.??"]

1. e4 c5 2. c3 Nf6 3. e5 Nd5 4. Nf3 g6 5. Bc4 Nb6 6. Bb3 c4 7. Bc2 Bg7 8. O-O
Nc6 9. Qe2 d6 10. exd6 Qxd6 11. Na3 Qe6 12. Be4 O-O 13. Ng5 Qe5 14. Nf3 Qc5 15.
d4 cxd3 16. Qxd3 f5 17. Bxc6 bxc6 18. Be3 Qa5 19. Bxb6 axb6 20. Qc4+ Qd5 21.
Qb4 Qc5 22. Qb3+ Kh8 23. Rad1 e5 24. Nc2 Ba6 25. Rfe1 Bc4 26. Qb4 e4 27. Nd2
Bxa2 28. Nf1 Bg8 29. Rd6 Ra2 30. Rb1 Bc4 31. Nfe3 Bd3 32. Rc1 Rxb2 33. Qxc5
bxc5 34. Ne1 Bb5 35. c4 Ba4 36. Nd1 Rb4 37. Ne3 f4 38. Nf1 Bd4 39. Re6 e3 40.
fxe3 fxe3 41. Nxe3 Rb3 42. N1c2 Rc3 0-1

[Event "10.OIBM"]
[Site "Bad Wiessee"]
[Date "2006.11.04"]
[Round "1.34"]
[White "Laylo, Darwin"]
[Black "Byhan, Gert"]
[Result "1-0"]
[WhiteElo "2448"]
[BlackElo "2020"]
[PlyCount "71"]
[EventDate "2006.??.??"]

1. c4 f5 2. g3 Nf6 3. Bg2 e5 4. Nc3 d6 5. d4 exd4 6. Qxd4 Nc6 7. Qd2 g6 8. b3
Bg7 9. Bb2 O-O 10. Nh3 Be6 11. O-O h6 12. Nf4 Bf7 13. Rad1 Rb8 14. Ncd5 g5 15.
Nxf6+ Bxf6 16. Bxf6 Qxf6 17. Nd5 Bxd5 18. Bxd5+ Kh7 19. f4 Rbe8 20. e3 Nd8 21.
Rf2 Re7 22. Re1 Rfe8 23. b4 g4 24. Rfe2 h5 25. Bg2 Kg7 26. Qd3 Ne6 27. a3 c6
28. Kf2 Rd8 29. Qb3 Nc7 30. Rd1 Rde8 31. Rd3 Qf7 32. Rxd6 Re6 33. Rd4 R6e7 34.
Qd3 Ne6 35. Rd6 Nf8 36. b5 1-0

[Event "10.OIBM"]
[Site "Bad Wiessee"]
[Date "2006.11.04"]
[Round "1.35"]
[White "Mader, Jens"]
[Black "Morawietz, Dieter"]
[Result "0-1"]
[WhiteElo "2019"]
[BlackElo "2438"]
[PlyCount "68"]
[EventDate "2006.??.??"]

1. d4 Nf6 2. Nf3 e6 3. Bf4 b6 4. e3 Bb7 5. Nbd2 Be7 6. h3 O-O 7. Bd3 Nd5 8. Bh2
f5 9. c3 Nc6 10. O-O d6 11. Qe2 Qd7 12. Rae1 g6 13. e4 fxe4 14. Qxe4 Nd8 15.
Qg4 Nf6 16. Qg5 Nh5 17. Qe3 Bf6 18. g4 Ng7 19. Ne4 Be7 20. Neg5 h6 21. Ne4 Nf7
22. Bf4 h5 23. Nfg5 e5 24. dxe5 dxe5 25. Bc4 exf4 26. Nxf7 fxe3 27. Ne5+ Qe6
28. Bxe6+ Nxe6 29. Rxe3 Nf4 30. Rfe1 Rad8 31. Nc4 Bh4 32. g5 Bxe4 33. Rxe4
Nxh3+ 34. Kg2 Nf4+ 0-1

[Event "10.OIBM"]
[Site "Bad Wiessee"]
[Date "2006.11.04"]
[Round "1.36"]
[White "Wippermann, Till"]
[Black "Weyer, Hans-Juergen"]
[Result "1-0"]
[WhiteElo "2427"]
[BlackElo "2019"]
[PlyCount "41"]
[EventDate "2006.??.??"]

1. e4 e6 2. d4 d5 3. Nc3 Bb4 4. exd5 exd5 5. Bd3 c6 6. Nge2 h6 7. O-O Ne7 8.
Ng3 O-O 9. Qh5 Bxc3 10. bxc3 Qd6 11. a4 Qf6 12. f4 Re8 13. f5 c5 14. Qg4 Rf8
15. Nh5 Qg6 16. Qf3 Qd6 17. Bf4 Qc6 18. Qg3 g6 19. Bxb8 Bxf5 20. Bd6 Bxd3 21.
cxd3 1-0

[Event "10.OIBM"]
[Site "Bad Wiessee"]
[Date "2006.11.04"]
[Round "1.39"]
[White "Schloetterer, Hermann"]
[Black "Kostic, Vladimir"]
[Result "0-1"]
[WhiteElo "2015"]
[BlackElo "2413"]
[PlyCount "54"]
[EventDate "2006.??.??"]

1. d4 d5 2. g3 Nc6 3. Bg2 Bf5 4. Nf3 e6 5. O-O Nf6 6. c4 Be7 7. b3 O-O 8. Bb2
Ne4 9. cxd5 exd5 10. Ne1 Bf6 11. Nc2 Re8 12. Ne3 Bg6 13. Ng4 Be7 14. a3 h5 15.
Ne3 Bf6 16. Nc2 Na5 17. Nb4 c5 18. Nd3 cxd4 19. Nf4 Nc6 20. Nxg6 fxg6 21. b4
Kh8 22. Qb3 a5 23. b5 a4 24. Qc2 Na5 25. f3 d3 26. exd3 Rc8 27. Bxf6 Qb6+ 0-1

[Event "10.OIBM"]
[Site "Bad Wiessee"]
[Date "2006.11.04"]
[Round "1.41"]
[White "Sabel, Reinhard"]
[Black "Zude, Arno"]
[Result "1/2-1/2"]
[WhiteElo "2014"]
[BlackElo "2410"]
[PlyCount "59"]
[EventDate "2006.??.??"]

1. d4 Nf6 2. c4 e6 3. Nc3 d5 4. Bg5 Be7 5. e3 O-O 6. Nf3 h6 7. Bh4 b6 8. cxd5
exd5 9. Bd3 Be6 10. O-O c5 11. Rc1 Nbd7 12. Ne5 Nxe5 13. dxe5 Ng4 14. Bg3 Bh4
15. Bf4 d4 16. exd4 Qxd4 17. g3 Be7 18. Nb5 Qd7 19. Qe2 c4 20. Bxc4 Bxc4 21.
Qxc4 Rac8 22. Qe2 Rxc1 23. Rxc1 Bc5 24. Rf1 Re8 25. Nc7 Qxc7 26. Qxg4 Qc6 27.
Rd1 Qe4 28. Qd7 Re6 29. Qd8+ Kh7 30. Qd3 1/2-1/2

[Event "10.OIBM"]
[Site "Bad Wiessee"]
[Date "2006.11.04"]
[Round "1.42"]
[White "Faibisovich, Vadim Z"]
[Black "Bieringer, Konrad"]
[Result "1-0"]
[WhiteElo "2407"]
[BlackElo "2011"]
[PlyCount "33"]
[EventDate "2006.??.??"]

1. e4 c5 2. Nf3 Nc6 3. d4 cxd4 4. Nxd4 Nf6 5. Nc3 e5 6. Ndb5 d6 7. Nd5 Nxd5 8.
exd5 Ne7 9. c3 Ng6 10. Qa4 Bd7 11. Qb4 Bf5 12. Qc4 Rc8 13. Qa4 Bd7 14. Qxa7 Be7
15. Be3 Ra8 16. Qxa8 Qxa8 17. Nc7+ 1-0

[Event "10.OIBM"]
[Site "Bad Wiessee"]
[Date "2006.11.04"]
[Round "1.43"]
[White "Koch, Helmuth Dr"]
[Black "Kaplan, Sasha"]
[Result "0-1"]
[WhiteElo "2010"]
[BlackElo "2402"]
[PlyCount "34"]
[EventDate "2006.??.??"]

1. Nf3 Nf6 2. g3 d5 3. Bg2 c6 4. O-O Bf5 5. d3 h6 6. Nbd2 e6 7. h3 Be7 8. Re1
Bh7 9. e4 dxe4 10. dxe4 Nxe4 11. Ne5 Nf6 12. Qe2 O-O 13. Ndf3 Nbd7 14. b3 Nxe5
15. Nxe5 Qd4 16. c3 Qxc3 17. Bb2 Qc2 0-1

[Event "10.OIBM"]
[Site "Bad Wiessee"]
[Date "2006.11.04"]
[Round "1.45"]
[White "Brink, Gerhard"]
[Black "Forchert, Martin"]
[Result "0-1"]
[WhiteElo "2005"]
[BlackElo "2401"]
[PlyCount "56"]
[EventDate "2006.??.??"]

1. e4 Nf6 2. Nc3 d5 3. exd5 Nxd5 4. Nxd5 Qxd5 5. Nf3 Nc6 6. Be2 e5 7. d3 Bf5 8.
O-O Be7 9. Re1 O-O-O 10. Bg5 f6 11. Be3 g5 12. Nd2 Qe6 13. Qc1 g4 14. Ne4 h5
15. c3 Bg6 16. Qc2 f5 17. Ng5 Qf6 18. f4 gxf3 19. Nxf3 Rhg8 20. Bg5 Qg7 21.
Bxe7 Qxe7 22. h4 Qc5+ 23. Kf1 f4 24. Rad1 Nb4 25. Qc1 Nxd3 26. Rxd3 Bxd3 27.
Bxd3 Rxd3 28. Rxe5 Rxf3+ 0-1

[Event "10.OIBM"]
[Site "Bad Wiessee"]
[Date "2006.11.04"]
[Round "1.46"]
[White "Buchal, Stephan"]
[Black "Aigner, Georg"]
[Result "1-0"]
[WhiteElo "2397"]
[BlackElo "2004"]
[PlyCount "133"]
[EventDate "2006.??.??"]

1. e4 e5 2. Nc3 Nc6 3. g3 Nf6 4. Bg2 Nd4 5. Nge2 c5 6. d3 h6 7. f4 d6 8. O-O
Bd7 9. h3 Be7 10. Be3 Qc7 11. Qd2 Bc6 12. a3 Rc8 13. Rf2 a5 14. Raf1 Qb6 15.
Rb1 Nh5 16. b4 exf4 17. gxf4 Bf6 18. bxc5 Qxc5 19. e5 dxe5 20. fxe5 Bxe5 21.
Bxd4 Bxd4 22. Nxd4 Qxd4 23. Qe2+ Kd8 24. Qxh5 Qxc3 25. Bxc6 Rxc6 26. Qd5+ Kc8
27. Rxf7 Rc7 28. Rbf1 Rxf7 29. Rxf7 Qe1+ 30. Kg2 Qd2+ 31. Rf2 Qc3 32. Re2 Qxa3
33. Re4 Kb8 34. Rc4 Qe7 35. Qxa5 Rf8 36. Re4 Qf6 37. Qe5+ Qxe5 38. Rxe5 Rf7 39.
Rd5 Kc7 40. c4 Kc6 41. d4 Rf4 42. Kg3 Rf1 43. Rc5+ Kb6 44. Re5 Rd1 45. Rd5 Rc1
46. Rd6+ Kc7 47. c5 Rc4 48. Kf3 b6 49. Rxb6 Rxd4 50. Rg6 Rd7 51. Ke4 Kd8 52.
Ke5 Rd3 53. h4 Rh3 54. Rxg7 Rxh4 55. Kd6 Rd4+ 56. Kc6 h5 57. Rg8+ Ke7 58. Kb7
Rb4+ 59. Kc7 Kf7 60. Rh8 h4 61. c6 Kg6 62. Kd6 Kg5 63. c7 Rc4 64. c8=Q Rxc8 65.
Rxc8 Kf4 66. Rc3 h3 67. Rxh3 1-0

[Event "10.OIBM"]
[Site "Bad Wiessee"]
[Date "2006.11.04"]
[Round "1.47"]
[White "Selg, Rudolf"]
[Black "Vasilevich, Tatjana"]
[Result "0-1"]
[WhiteElo "2004"]
[BlackElo "2396"]
[PlyCount "94"]
[EventDate "2006.??.??"]

1. e4 c5 2. Nf3 a6 3. d4 cxd4 4. Nxd4 e5 5. Nb3 Nf6 6. Bg5 Bb4+ 7. c3 Be7 8.
N1d2 d6 9. Be2 Be6 10. O-O Nbd7 11. Qc2 O-O 12. Rad1 d5 13. Bf3 Rc8 14. exd5
Nxd5 15. Bxe7 Qxe7 16. Rfe1 f6 17. a3 N7b6 18. Nf1 Rfd8 19. Ne3 Nxe3 20. Rxe3
Rxd1+ 21. Bxd1 Nc4 22. Re1 Qd7 23. Be2 Qa4 24. Na1 Qxc2 25. Nxc2 Nxb2 26. Rb1
Na4 27. Rxb7 Rxc3 28. Ne3 Rxa3 29. Bxa6 Nc5 30. Rb8+ Kf7 31. Bf1 Ra1 32. h3 f5
33. Rb4 f4 34. Ng4 Nd3 35. Re4 Bf5 36. Re2 e4 37. Nh2 h5 38. Kh1 h4 39. Kg1 Kf6
40. Kh1 g6 41. Kg1 Kg5 42. Kh1 f3 43. gxf3 Bxh3 44. Kg1 Bxf1 45. Nxf1 exf3 46.
Re3 Nf4 47. Rxf3 h3 0-1

[Event "10.OIBM"]
[Site "Bad Wiessee"]
[Date "2006.11.04"]
[Round "1.48"]
[White "Bogdanov, Valentin"]
[Black "Hoffmann, Uwe"]
[Result "1-0"]
[WhiteElo "2395"]
[BlackElo "2003"]
[PlyCount "82"]
[EventDate "2006.??.??"]

1. d4 d5 2. c4 c6 3. Nc3 e6 4. Bf4 Bd6 5. Bxd6 Qxd6 6. e4 dxe4 7. Nxe4 Qb4+ 8.
Qd2 Na6 9. Nf3 Qxd2+ 10. Kxd2 Ke7 11. c5 Nc7 12. Bc4 Nf6 13. Nxf6 Kxf6 14. Ne5
Rd8 15. Kc3 Nd5+ 16. Bxd5 exd5 17. Rae1 Be6 18. g4 h5 19. f3 Rh8 20. h4 g6 21.
g5+ Kg7 22. Re3 Rhe8 23. Kd2 Rac8 24. Ra3 Ra8 25. Re1 Bf5 26. Ree3 f6 27. gxf6+
Kxf6 28. Re1 Re7 29. b4 Rg7 30. f4 Be4 31. Ra5 Ke7 32. a4 Rgg8 33. b5 cxb5 34.
axb5 Rgf8 35. Rxe4 dxe4 36. Nxg6+ Ke6 37. Nxf8+ Rxf8 38. Ke3 Kd5 39. c6 bxc6
40. b6+ Kd6 41. bxa7 Ra8 1-0

[Event "10.OIBM"]
[Site "Bad Wiessee"]
[Date "2006.11.04"]
[Round "1.49"]
[White "Vonach, Bernhard Dr"]
[Black "Belezky, Alexander"]
[Result "1/2-1/2"]
[WhiteElo "1999"]
[BlackElo "2390"]
[PlyCount "63"]
[EventDate "2006.??.??"]

1. d4 Nf6 2. Nf3 g6 3. c4 Bg7 4. Nc3 d6 5. e4 O-O 6. Be2 c6 7. O-O a6 8. a4 a5
9. Ne1 e5 10. d5 cxd5 11. cxd5 Na6 12. Nd3 Nd7 13. Be3 b6 14. Qd2 Ndc5 15. Nxc5
Nxc5 16. Bxc5 bxc5 17. Nb5 f5 18. f3 f4 19. Ra3 Rf6 20. Rb3 g5 21. Kf2 h5 22.
Ke1 g4 23. Kd1 Rg6 24. Qe1 Bd7 25. Kc1 Qc8 26. Kb1 g3 27. hxg3 fxg3 28. Rh1 Rb8
29. Bc4 Qd8 30. Rxh5 Bf6 31. Ka2 Bc8 32. Qh1 1/2-1/2

[Event "10.OIBM"]
[Site "Bad Wiessee"]
[Date "2006.11.05"]
[Round "2.9"]
[White "Halkias, Stelios"]
[Black "Kroencke, Manfred"]
[Result "1-0"]
[WhiteElo "2571"]
[BlackElo "2189"]
[PlyCount "107"]
[EventDate "2006.??.??"]

1. d4 d5 2. c4 e6 3. Nc3 Be7 4. Nf3 Nf6 5. Bg5 O-O 6. e3 h6 7. Bh4 b6 8. Qc2
Bb7 9. Bxf6 Bxf6 10. cxd5 exd5 11. g4 c5 12. O-O-O cxd4 13. exd4 g6 14. Qd2 Bg7
15. Kb1 Nd7 16. g5 h5 17. Bg2 Re8 18. Nh4 Nf8 19. f4 f5 20. Nf3 a6 21. Rhe1 Qd6
22. Ne5 Rad8 23. Bf3 Re7 24. h4 b5 25. Ne2 Rc7 26. Rc1 Rdc8 27. Rxc7 Rxc7 28.
Nc1 Bc8 29. Nb3 Be6 30. Nc5 Bf7 31. Qa5 Ra7 32. a4 bxa4 33. Nxf7 Rxf7 34. Nb7
Qxf4 35. Qxd5 Kh8 36. Qxf7 Qxd4 37. Re2 Qd3+ 38. Ka2 Qxf3 39. Re7 Qb3+ 40. Qxb3
axb3+ 41. Kxb3 Bd4 42. Re2 Bb6 43. Kc4 Bc7 44. Re8 Kg8 45. Nc5 Bg3 46. Nd7 Kf7
47. Rxf8+ Ke7 48. Rf6 Kxd7 49. Rxa6 Bxh4 50. Rxg6 Bg3 51. Kd5 h4 52. Rg7+ Ke8
53. Ke6 Kf8 54. Rf7+ 1-0